| 000 | 00691nam a22002297r 4500 | ||
|---|---|---|---|
| 003 | 3228 | ||
| 005 | 20260602101655.0 | ||
| 008 | 260602b sa a|||b |||| 00| 1 eng d | ||
| 020 | _a9789385031786 (paperback) | ||
| 040 |
_aMPL _beng _c3228 _erda |
||
| 041 | _aEnglish | ||
| 082 | 0 | _aEKF GANG | |
| 100 |
_9187732 _aGanguly, Swayam _eauthor |
||
| 245 |
_aHelp others / _cText by Swayam Ganguly |
||
| 260 |
_aIndia : _bOM Books International : _c©2016, _c2022. |
||
| 300 |
_aUnnumbered pages : _billustrations ; _c28 cm |
||
| 490 | _aGood Manners | ||
| 655 | 0 |
_9188803 _aInformation Fiction |
|
| 655 | 0 |
_9199622 _aLearning Fiction |
|
| 655 | 0 |
_9188586 _aChildren's Fiction |
|
| 942 |
_2ddc _cBK _w296 _xPhillipina Naude _y296 _zPhillipina Naude |
||
| 999 |
_c799356 _d799355 |
||